000 00511nam a2200169 i 4500
001 32233
003 ES-MaACL
005 20230906154534.0
007 t|
008 030130s1964 sp ||||1| spa d
100 1 _aBerghaus, Erwin.
_927987
245 1 0 _aHistoria del ferrocarril /
_cErwin Berghaus ; traducción de Enrique Ortega Masía.
260 _aBarcelona :
_bZeus,
_c[1964]
300 _a464 p., 23 lám. ;
_c22 cm.
700 1 _aOrtega Masiá, Enrique.
_987470
852 _aES-MaACL
_jC-27077
_bR.55931
999 _c32233
_d32233